Normal view
MARC view
- Colina, Sonia
Entry Personal Name
001 - CONTROL NUMBER
- control field: 40110
003 - CONTROL NUMBER IDENTIFIER
- control field: OSt
005 - DATE AND TIME OF LATEST TRANSACTION
- control field: 20160601113800.0
008 - FIXED-LENGTH DATA ELEMENTS
- fixed length control field: 160601|| aca||aabn | a|a d
040 ## - CATALOGING SOURCE
- Original cataloging agency: OSt
100 1# - HEADING--PERSONAL NAME
- Personal name: Colina, Sonia